Normal view MARC view

Entry Topical Term

Number of records used in: 1

001 - CONTROL NUMBER

  • control field: 22973

003 - CONTROL NUMBER IDENTIFIER

  • control field: dpl

005 - DATE AND TIME OF LATEST TRANSACTION

  • control field: 20101006120712.0

008 - FIXED-LENGTH DATA ELEMENTS

  • fixed length control field: 101006|||a|||||| | ||| d

040 ## - CATALOGING SOURCE

  • Original cataloging agency: dpl
  • Transcribing agency: dpl

150 ## - HEADING--TOPICAL TERM

  • Topical term or geographic name as entry element: लगु कथाएँ, हिन्दी

670 ## - SOURCE DATA FOUND

  • Source citation: Work cat.: (dpl)34159: सईदा ख़र्शीद आलम 22972, ज़ाकिर साहब की कहानी उनकी बेटी की ज़ुबानी /, 2009

670 ## - SOURCE DATA FOUND

  • Source citation: Work cat.: (dpl)34159: सईदा ख़र्शीद आलम 22972, ज़ाकिर साहब की कहानी उनकी बेटी की ज़ुबानी /, 2009

© Delhi Public Library
Hit Counter
free hit counter